00434nam a2200157Ia 4500999001700000003000400017005001700021008004100038040001800079082001800097100002700115245004900142260003400191300000900225942004200234 c18030d18030OSt20200606120049.0190216s9999||||xx |||||||||||||| ||und|| cMESKC library a891.43bSHA/N aSharma, Ramvilas 9171 0aNirala Ki Sahithya Sadana /cRamvilas Sharma bRajakamal Prakashan,aDelhi : a443p cBK2ddch891.43iSHA/Nk891.43mSHA/N